000 00540cam a22001934a 4500
005 20250605164206.0
008 250528s ||||||||||||||||||||||||d
035 _a19995
020 _a10504109
040 _aGR-AtMCL
_bgre
_dGR-AtMCL
_eAACR2
245 1 _aThe American Review of International Arbitration / Essays in Honor of Hans Smit: 1998/ Vol.9 Nos 1-4
260 _c1998
300 _a328
520 _aReports, Appendix
710 2 _aColumbia University
_99776
942 _cBK
999 _c5202
_d5202